Générateur de puzzle - Nourriture et boissons - Statistiques

Statistiques générales
  • Ce quiz a été pris 302 fois
  • Le résultat moyen est 12 sur 21
Statistiques - réponses
Hint Réponses % Correct
Les québécois en tirent un sirop Érable
97%
Partie molle du pain Mie
95%
On en fait de la farine Blé
93%
Substance sucrée ne périmant jamais selon la légende Miel
90%
Boisson alcoolisée à base d'orge et de houblon Bière
84%
L'____ ou la cuisse, Claude Zidi, 1976 Aile
84%
Les cinq saveurs primaires : sucré, salé, acide, umami et ____ Amer
80%
Animal élaborant ↑ Abeille
77%
Cassis, goji, myrtille, etc. Baie
77%
Dessert d'Escoffier : Pêche _____ Melba
66%
Synonyme de citron vert Lime
60%
Fromage de Meaux Brie
57%
Une des couleurs de ↑ Ambrée
45%
Rouge, AOP, AOC, AB, etc. Label
45%
Mirabelle
45%
Marque de condiments spécialisée dans la moutarde Maille
41%
Petit tonneau en bois Baril
32%
Un film alimentaire permet de le faire Emballer
18%
Très petite quantité d'une boisson Larme
12%
Acteur principal de Les Galettes de Pont-Aven Marielle
9%
Reine en Suède, on en fait de la confiture Airelle
7%
Aucun quiz correspondant
Distribution des résultats
% des personnes avec chaque résultat
Percentile par nombre de réponses
Votre historique - résultats
Vous n’avez pas pris ce quiz